BIBLIOTECA

SENCICO

Guía de colores para el hogar (Registro nro. 2212)

Detalles MARC
000 -LEADER
fixed length control field 00612nam a2200193Ia 4500
005 - DATE AND TIME OF LATEST TRANSACTION
control field 20251020182535.0
008 - FIXED-LENGTH DATA ELEMENTS--GENERAL INFORMATION
fixed length control field 200515s9999 xx 000 0 und d
082 ## - DEWEY DECIMAL CLASSIFICATION NUMBER
Classification number 72.021/W52
100 ## - MAIN ENTRY--PERSONAL NAME
Personal name WESTGATE, Alice
245 #0 - TITLE STATEMENT
Title Guía de colores para el hogar
260 ## - PUBLICATION, DISTRIBUTION, ETC.
Place of publication, distribution, etc. Barcelona
260 ## - PUBLICATION, DISTRIBUTION, ETC.
Date of publication, distribution, etc. 1999
500 ## - GENERAL NOTE
General note 1 ejemplar
520 ## - SUMMARY, ETC.
Summary, etc. Ofrece ilustrativos ejemplos de configuración, recetas para la mezcla ideal de las distintas combinaciones de tonalidades y un muestrario de colores que facilitan la elección de los matices
650 ## - SUBJECT ADDED ENTRY--TOPICAL TERM
Topical term or geographic name entry element COLOR
650 ## - SUBJECT ADDED ENTRY--TOPICAL TERM
Topical term or geographic name entry element DECORACION
650 ## - SUBJECT ADDED ENTRY--TOPICAL TERM
Topical term or geographic name entry element LIB
942 ## - ADDED ENTRY ELEMENTS (KOHA)
Koha item type Libros
Existencias
Fecha de la última vez que lo usaron Pago total Signatura topográfica completa Código de barras Precio efectivo desde Tipo de documento Estado perdido Estado dañado No es para préstamo Retirado Ubicación permanente Ubicación actual Fecha de adquisición
15/05/2020   72.021/W52 Bib-Lima15052212 15/05/2020 Libros         Biblioteca Central Lima Biblioteca Central Lima 15/05/2020